| 000 | 00407nam a2200181Ia 4500 | ||
|---|---|---|---|
| 001 | 2235 | ||
| 005 | 20260306143827.0 | ||
| 008 | 260306t1985||||xx |||||||||||||| ||spa|| | ||
| 041 | _aESP | ||
| 082 |
_a616.8 _bD48 |
||
| 100 |
_aDelmas, A. _eAUT |
||
| 245 | 0 | _aVías y centros nerviosos | |
| 260 | _c1985 | ||
| 300 |
_a298 páginas : _ccm. |
||
| 650 | _aGEN | ||
| 654 | _aCPS | ||
| 942 |
_cLIB _dJUS _fJUS _2ddc _n |
||
| 999 |
_c2235 _d2235 |
||